Statistiques concernant Culture Générale - Série 303

Cliquez ici pour prendre le quiz!

Statistiques générales

  • Ce quiz a été pris 75 fois
  • Le résultat moyen est 6 sur 10

Statistiques - réponses

QuestionRéponse% Correct
En 2017, à quelle zone de vacances scolaires appartiennent les élèves de Bordeaux ?Zone A
99%
Quel nom porte le professionnel qui élève des abeilles ?Un apiculteur
96%
Quel héros légendaire a pour véritable nom Don Diego de la Vega ?Zorro
87%
Dans le roman de Balzac, quel est le grade du militaire Chabert ?Colonel
84%
Quel prénom portait le roi de France qui était surnommé le Hutin ?Louis
78%
Quelle est la suite du poème "Heureux qui, comme Ulysse, a fait..." ?Un beau voyage
55%
Quel mot a pour symbole un rond contenant la lettre C ?Copyright
45%
Sur la couverture de quel album voit-on Tintin en pirogue ?L'Oreille cassée
43%
Qui est le réalisateur du film "Birdy" en 1985 ?Alan Parker
22%
Quel héros de BD, dessiné par Frank Margerin, est surnommé Lulu ?Lucien
18%

Distribution des résultats

Percentile par nombre de réponses

% des personnes avec chaque résultat

Votre développement - résultats

Vous n’avez pas pris ce quiz